Hermeneutics, tradition and contemporary change: Lectures in Chennai / Madras, India
Zapisane w:
| 1. autor: | |
|---|---|
| Format: | Książka |
| Język: | Undetermined |
| Wydane: |
Washington, Estados Unidos
The Council for Research in Values and Philosophy
2003
|
| Hasła przedmiotowe: | |
| Etykiety: |
Dodaj etykietę
Nie ma etykietki, Dołącz pierwszą etykiete!
|
MARC
| LEADER | 00000nam a2200000Ia 4500 | ||
|---|---|---|---|
| 008 | 170316s9999 xx 000 0 und d | ||
| 040 | |a cru BVZT | ||
| 090 | |a 100 M-32.1her | ||
| 100 | |a McLean, George F. | ||
| 245 | |a Hermeneutics, tradition and contemporary change: Lectures in Chennai / Madras, India | ||
| 260 | |a Washington, Estados Unidos | ||
| 260 | |b The Council for Research in Values and Philosophy | ||
| 260 | |c 2003 | ||
| 300 | |a 99 páginas | ||
| 650 | |a FILOSOFÍA |9 5 | ||
| 650 | |a HERMENÉUTICA | ||
| 650 | |a HANS - GEORG GADAMER | ||
| 650 | |a JURGEN HABERMAS | ||
| 650 | |a PAUL RICOEUR | ||
| 650 | |a PAUL TILLICH | ||
| 999 | |c 16989 |d 16989 | ||
| 942 | |c 15 D |h 100 M-32.1her |2 z | ||
